000 00521nam a22002057a 4500
003 OSt
005 20250913020004.0
008 150901b xxu||||| |||| 00| 0 eng d
020 _a9780729538374
040 _cDNLM
082 _aQS504 K46f 2010
100 _aKerr, Jeffrey B.
_91229
245 _aFunctional histology
250 _a2nd ed.
260 _aSydney;
_bMosby,
_c2010
300 _aviii,512p;
_bcol.ill:
_c30cm
504 _aAppendices, & index included
650 _aHistology
_9194
942 _2z
_cO_SHELF
_01
999 _c2209
_d2209